| 000 | 00614nam a2200229Ia 4500 | ||
|---|---|---|---|
| 003 | 0100 | ||
| 005 | 20161215084304.0 | ||
| 008 | 130303s9999 xx 000 0 und d | ||
| 020 | _a0385056869 | ||
| 040 | _cARRUPELIB | ||
| 050 | _aREF.BS192.2.A11964.G3 1982 | ||
| 100 |
_aBrown, Raymond E _928038 |
||
| 245 | 4 | _aThe Epistles of John | |
| 250 | _a1st ed. | ||
| 260 | _aNew york | ||
| 260 | _bDoubleday & Co. | ||
| 300 | _axxviii | ||
| 300 | _b812p. 24cm. | ||
| 440 |
_aThe anchor bible series ; v. 30 _928075 |
||
| 650 |
_aBible N.T. Epistles of John _xCommentaries _928076 |
||
| 942 |
_2lcc _cMONOGRAPH |
||
| 999 |
_c25026 _d25026 |
||